| 000 | 00000nam##2200000za#4500 |
| 001 | 9.613867 |
| 003 | CaOODSP |
| 005 | 20211126112847 |
| 007 | ta |
| 008 | 150406|1997||||xxc||||| f|0| 0 eng|d |
| 020 | |a0-662-25852-5 |
| 022 | |a1192-5434 |
| 040 | |aCaOODSP|beng |
| 043 | |an-cn--- |
| 086 | 1 |aFB3-2/97-12E |
| 110 | 2 |aBank of Canada. |
| 245 | 12|aA micro approach to the issue of hysteresis in unemployment : |bevidence from the 1988-1990 labour market activity survey / |cby Gordon Wilkinson. |
| 260 | |aOttawa - Ontario : |bBank of Canada |c1997. |
| 300 | |a38p. : |bgraphs, tables ; |c28 cm. |
| 490 | 1 |aWorking paper|x1192-5434|v97-12 |
| 500 | |a"This paper uses a rich set of microeconomic labour market data: the 1988-90 Labour Market Activity Survey published by Statistics Canada, to test whether there is negative duration dependence in unemployment spells."--Abstract. |
| 504 | |aBibliography. |
| 520 | 3 |aThis paper uses a rich set of microeconomic labour market data: the 1988-90 Labour Market Activity Survey published by Statistics Canada, to test whether there is negative duration dependence in unemployment spells.--Abstract |
| 546 | |aRésumés en français |
| 563 | |aSoftcover |
| 590 | |a97-26|b1997-06-27 |
| 720 | 1 |aWilkinson, Gordon |
| 776 | 0#|tA micro approach to the issue of hysteresis in unemployment : |w(CaOODSP)9.571659 |
| 830 | #0|aWorking paper,|x1192-5434|v97-12|w(CaOODSP)9.514622 |